<?xml version="1.0" encoding="UTF-8"?>
<collection xmlns="http://www.loc.gov/MARC21/slim">
<record>
  <controlfield tag="001">110023</controlfield>
  <controlfield tag="005">20220210105252.0</controlfield>
  <datafield tag="037" ind1=" " ind2=" ">
    <subfield code="a">TAZ-TFM-2021-488</subfield>
  </datafield>
  <datafield tag="041" ind1=" " ind2=" ">
    <subfield code="a">eng</subfield>
  </datafield>
  <datafield tag="100" ind1="1" ind2=" ">
    <subfield code="a">Ruiz Solanas, Andrea</subfield>
  </datafield>
  <datafield tag="242" ind1="0" ind2="0">
    <subfield code="a">Cooperative learning: improving second language acquisition in the EFL classroom in 3rd year of secondary compulsory education</subfield>
  </datafield>
  <datafield tag="245" ind1="0" ind2="0">
    <subfield code="a">Cooperative learning: improving second language acquisition in the EFL classroom in 3rd year of secondary compulsory education</subfield>
  </datafield>
  <datafield tag="260" ind1=" " ind2=" ">
    <subfield code="a">Zaragoza</subfield>
    <subfield code="b">Universidad de Zaragoza</subfield>
    <subfield code="c">2021</subfield>
  </datafield>
  <datafield tag="500" ind1=" " ind2=" ">
    <subfield code="a">Resumen disponible también en inglés</subfield>
  </datafield>
  <datafield tag="506" ind1=" " ind2=" ">
    <subfield code="a">by-nc-sa</subfield>
    <subfield code="b">Creative Commons</subfield>
    <subfield code="c">3.0</subfield>
    <subfield code="u">http://creativecommons.org/licenses/by-nc-sa/3.0/</subfield>
  </datafield>
  <datafield tag="520" ind1=" " ind2=" ">
    <subfield code="a">Nowadays, methodologies used in the EFL classroom are very varied. Traditional approaches to language teaching are being relegated at the expense of new active and student-centered pedagogies. However, this does not mean that teacher-centered lessons have disappeared. In fact, there are still many aspects that can be improved due to the individualistic and traditional nature of many English lessons. During two placement periods at IES Clara Campoamor Rodríguez, a necessity was detected: there was a clear lack of oral participation in the EFL classroom. In order to meet this necessity a Cooperative Learning pedagogy has been proposed. &lt;br />This approach has been combined with Project-based Language Learning and always aiming at developing Communicative Language Teaching, not only because of its requirement by the legal provisions, but also due to its strong connection with the increase of oral participation. The learning unit proposal called Let’s start a business is characterised by the application of the aforementioned methodologies while instilling a sense of entrepreneurship and ethical thinking in the students.&lt;br />In order to achieve the main aim, increasing participation, the activities in this learning unit aim at creating positive interdependence among group members and individual accountability. It also seeks to create a distressed working environment in order to lower the students’ affective filter, lessening. consequently, potential language anxiety.&lt;br />Hoy en día, las metodologías que se aplican en la clase de Inglés como Lengua Extranjera son muy variadas. Los enfoques más tradicionales están perdiendo la batalla contra las pedagogías activas en las que el estudiante es el protagonista. Sin embargo, esto no significa que las clases en las que el foco se pone en el docente hayan desaparecido. De hecho, todavía hay mucho margen de mejora debido a la naturaleza individualista y tradicional de muchas clases. Durante dos periodos de prácticas en el IES Clara Campoamor Rodríguez se detectó una necesidad: había una baja participación en actividades orales por parte de los alumnos. Para poder cubrir esta necesidad se ha propuesto una pedagogía basada en el aprendizaje cooperativo. &lt;br />Este enfoque se ha combinado con el Aprendizaje basado en Proyectos, teniendo siempre en mente el Aprendizaje Comunicativo, no solo por ser requerido por la legislación sino también debido a la estrecha relación que guarda con el aumento de la participación oral. La unidad didáctica propuesta llamada Let 's  start a business (creemos un negocio), se caracteriza por la implementación de las metodología y enfoques mencionados y por intentar inculcar en los alumnos un sentido del emprendimiento y un pensamiento ético. &lt;br />Para conseguir el principal objetivo, aumentar la participación, las actividades de esta unidad didáctica pretenden desarrollar la interdependencia positiva entre los miembros de cada grupo y la responsabilidad individual. Además, busca crear una atmósfera de trabajo relajada en la que se reduzca el filtro emocional de los estudiantes y disminuya, a la vez, la posible ansiedad lingüística. &lt;br /></subfield>
  </datafield>
  <datafield tag="521" ind1=" " ind2=" ">
    <subfield code="a">Máster Universitario en Profesorado de Educación Secundaria Obligatoria, Bachillerato, Formación Profesional y Enseñanza de Idiomas, Artísticas y Deportivas</subfield>
  </datafield>
  <datafield tag="540" ind1=" " ind2=" ">
    <subfield code="a">Derechos regulados por licencia Creative Commons</subfield>
  </datafield>
  <datafield tag="700" ind1=" " ind2=" ">
    <subfield code="a">Egea Pérez, Ana Belén</subfield>
    <subfield code="e">dir.</subfield>
  </datafield>
  <datafield tag="710" ind1="2" ind2=" ">
    <subfield code="a">Universidad de Zaragoza</subfield>
    <subfield code="b">Filología Inglesa y Alemana</subfield>
    <subfield code="c">Filología Inglesa</subfield>
  </datafield>
  <datafield tag="856" ind1="0" ind2=" ">
    <subfield code="f">739821@unizar.es</subfield>
  </datafield>
  <datafield tag="856" ind1="4" ind2=" ">
    <subfield code="s">19149158</subfield>
    <subfield code="u">http://zaguan.unizar.es/record/110023/files/TAZ-TFM-2021-488.pdf</subfield>
    <subfield code="y">Memoria (eng)</subfield>
  </datafield>
  <datafield tag="909" ind1="C" ind2="O">
    <subfield code="o">oai:zaguan.unizar.es:110023</subfield>
    <subfield code="p">driver</subfield>
    <subfield code="p">trabajos-fin-master</subfield>
  </datafield>
  <datafield tag="950" ind1=" " ind2=" ">
    <subfield code="a"></subfield>
  </datafield>
  <datafield tag="980" ind1=" " ind2=" ">
    <subfield code="a">TAZ</subfield>
    <subfield code="b">TFM</subfield>
    <subfield code="c">FEDU</subfield>
  </datafield>
  <datafield tag="999" ind1=" " ind2=" ">
    <subfield code="a">20210628103434.CREATION_DATE</subfield>
  </datafield>
  <datafield tag="951" ind1=" " ind2=" ">
    <subfield code="a">deposita:2022-02-10</subfield>
  </datafield>
</record>
</collection>